000 00851nas a2200277 4500
001 BR9801623
003 BR-BrBNA
005 20231205100938.0
007 ta
008 230509b bl.|||p| |||| 00| 00por d
040 _aBR-BrBNA
_bpor
_cBiblioteca Nacional de Agricultura
041 _a(Pt)
072 _aL10; U10
100 1 _aTorres Junior, R.A. de
100 1 _aBraccini Neto, J.
100 1 _aSilva, M. de A. e
100 1 _aLopes, P.S.
245 1 _aAvaliacao de metodologias de predicao de valor genetico por meio de simulacao
650 _aTouro
650 _aVariacao Genetica
650 _aReprodutor
650 _aModelo Matematico
773 0 _tRevista Brasileira de Zootecnia (Brazil)
_xISSN 0100-4859
_g(Nov-Dec 1997), v. 26(6) p. 1142-1146
_wBR9801623
909 _a202311
_bLúcia
_c55
_dLúcia Elande
942 _2AGRIS
_n0
_cANA
999 _c158945
_d158945